In the cause of architecture (Record no. 76453)

MARC details
000 -LEADER
fixed length control field 00836nam a2200169 a 4500
008 - FIXED-LENGTH DATA ELEMENTS--GENERAL INFORMATION
fixed length control field 120416s1975 ||||||||||||||||| || u
050 ## - LIBRARY OF CONGRESS CALL NUMBER
Classification number NA 737 Wri
100 ## - MAIN ENTRY--PERSONAL NAME
Personal name Wright, Frank Lloyd, 1867-1959
245 10 - TITLE STATEMENT
Title In the cause of architecture
246 ## -
-- essays
260 ## - PUBLICATION, DISTRIBUTION, ETC.
Place of publication, distribution, etc. New York
Name of publisher, distributor, etc. Architectural Record
Date of publication, distribution, etc. 1975
300 ## - PHYSICAL DESCRIPTION
Extent viii, 246 pages : illustrations
350 ## -
-- 0.00
995 ## -
-- BINDERY (DAMAGED)
-- 0.00
-- 721503
-- CBU-MAIN LIBRARY (Kitwe)
-- 3
-- 0.00
-- NA 737 Wri
-- 2
-- DAMAGED
-- 010296
-- Main Library Open Access Collection
995 ## -
-- ANNEX COLLECTION (Main Library)
-- 0.00
-- 715630
-- CBU-MAIN LIBRARY (Kitwe)
-- 1
-- 0.00
-- NA 737 Wri
-- 3
-- AVAILABLE
-- 010297
-- Annex Low-Usage Collection
995 ## -
-- BINDERY (DAMAGED)
-- 0.00
-- 721502
-- CBU-MAIN LIBRARY (Kitwe)
-- 2
-- 0.00
-- NA 737 Wri
-- 1
-- DAMAGED
-- 010295
-- Main Library Open Access Collection
999 ## -
-- 76453
-- 76453
Holdings
Withdrawn status Lost status Source of classification or shelving scheme Damaged status Not for loan Permanent Location Current Location Shelving location Date acquired Total Checkouts Full call number Barcode Date last seen Copy number Price effective from Koha item type
          CBU-MAIN LIBRARY, KITWE. CBU-MAIN LIBRARY, KITWE.   04/25/2023   NA 737 Wri 010296 04/25/2023 1 04/25/2023 MONOGRAPH
          CBU-MAIN LIBRARY, KITWE. CBU-MAIN LIBRARY, KITWE.   04/25/2023   NA 737 Wri 010297 04/25/2023 2 04/25/2023 MONOGRAPH
          CBU-MAIN LIBRARY, KITWE. CBU-MAIN LIBRARY, KITWE.   04/25/2023   NA 737 Wri 010295 04/25/2023 3 04/25/2023 MONOGRAPH